| 000 | 00541nam a2200181Ia 4500 | ||
|---|---|---|---|
| 003 | GCL | ||
| 008 | 140319s9999 xx 000 0 ara d | ||
| 040 |
_aGCL / _cGCL |
||
| 082 | 0 | 4 |
_a818 _bس س |
| 100 | 1 | _aسيد صديق عبدالفتاح | |
| 245 | 1 | 0 |
_aسحر العيون بين الجمال والحب والغزل / _cسيد صديق عبدالفتاح |
| 260 |
_a[S.N] : _bيوليوس جروس ، _c1990 |
||
| 300 | _a224 ص | ||
| 490 | _a | ||
| 650 | 0 | 4 | _aالعين |
| 650 | 0 | 4 | _aالعين فى الادب |
| 942 |
_2ddc _cBK |
||
| 999 |
_c52787 _d52787 |
||